Moby Dick / (Record no. 82834)
[ view plain ]
| 000 -LEADER | |
|---|---|
| fixed length control field | 00711nam a2200253 a 4500 |
| 001 - CONTROL NUMBER | |
| control field | 82834 |
| 003 - CONTROL NUMBER IDENTIFIER | |
| rucl marc code | BD-RjUL |
| 005 - DATE AND TIME OF LATEST TRANSACTION | |
| control field | 20240129110848.0 |
| 008 - FIXED-LENGTH DATA ELEMENTS--GENERAL INFORMATION | |
| fixed length control field | 240129s1994 ii 000 1deng d |
| 020 ## - INTERNATIONAL STANDARD BOOK NUMBER | |
| International Standard Book Number | 8124800480 |
| 035 ## - SYSTEM CONTROL NUMBER | |
| System control number | BD-RjUL)82834 |
| 040 ## - CATALOGING SOURCE | |
| Original cataloging agency | BD-RjUL |
| Language of cataloging | eng |
| Transcribing agency | BD-RjUL |
| 041 ## - LANGUAGE CODE | |
| Language code of text/sound track or separate title | eng |
| 082 ## - DEWEY DECIMAL CLASSIFICATION NUMBER | |
| Classification number | 813.3 |
| Author mark and year | MEM 1994 |
| 100 1# - MAIN ENTRY--PERSONAL NAME | |
| Personal name | Melville, Herman, |
| Dates associated with a name | 1819-1891. |
| 9 (RLIN) | 54911 |
| 245 10 - TITLE STATEMENT | |
| Title | Moby Dick / |
| Statement of responsibility, etc. | Herman Melville |
| 260 ## - PUBLICATION, DISTRIBUTION, ETC. (IMPRINT) | |
| Place of publication, distribution, etc. | New Delhi : |
| Name of publisher, distributor, etc. | Deacock Books, |
| Date of publication, distribution, etc. | 1994 |
| 300 ## - PHYSICAL DESCRIPTION | |
| Pagination | 526 p. ; |
| Size | 18 cm. |
| 650 #0 - SUBJECT ADDED ENTRY--TOPICAL TERM | |
| Topical term or geographic name as entry element | American literature |
| Chronological subdivision | 19th century. |
| 9 (RLIN) | 54912 |
| Topical term or geographic name as entry element | Sea stories, American. |
| 9 (RLIN) | 54913 |
| Topical term or geographic name as entry element | Hunting stories |
| Geographic subdivision | American |
| 9 (RLIN) | 54914 |
| Topical term or geographic name as entry element | Whales |
| 9 (RLIN) | 52203 |
| 942 ## - ADDED ENTRY ELEMENTS (KOHA) | |
| Source of classification or shelving scheme | Dewey Decimal Classification |
| Koha item type | Books |
| Lost status | Source of classification or shelving scheme | Damaged status | Not for loan | Collection code | Permanent Location | Current Location | Shelving location | Date acquired | Total Checkouts | Full call number | Date last seen | Copy number | Koha item type |
|---|---|---|---|---|---|---|---|---|---|---|---|---|---|
| Dewey Decimal Classification | Not For Loan | Fiction | Central Library, University of Rajshahi | Central Library, University of Rajshahi | Reading Room | 29/01/2024 | 813.3 MEM 1994 | 29/01/2024 | C-1 | Books |